000 01144nam a2200265 a 4500
001 BRL_1711
005 20190320211332.0
008 130116s1984----mx-abh####---#000-0#spa-#
041 _aspa
044 _amx
050 4 _aF1219.56.C74
_b.C63 1984
245 1 0 _aCódice de Huamantla
_bmanuscrito de los siglos XVI y XVII, que se conserva en la sala de testimonios pictográficos de la Biblioteca Nacional de Antropología e Historia y en la Biblioteca Estatal de Berlin
_cpresentación Tulio Hernández Gómez ; estudio iconográfico, cartográfico e histórico de Carmen Aguilera.
260 _a[Tlaxcala : México]
_bInstituto Tlaxcalteca de la cultura
_c1984
300 _a[109 p.]
_bil., láminas
_c36 cm.
_e+ 1 cuadernillo (62 p.)
440 0 _aCodices y manuscritos Tlaxcala
_v2
_927700
500 _aAu2353
504 _aBibliografía: Suplemento p. 61-62
630 0 4 _aCódice de Huamantla
_927701
650 1 4 _aManuscritos otomí
_xFacsímiles
_927702
650 1 4 _aOtomíes
_xHistoria
_927703
700 1 _aHernández Gómez, Tulio
_927704
700 1 _aAguilera García, María del Carmen
_9516
902 _aGRL
942 _2lcc
_cB
999 _c10519
_d10519